| 000 | 00476nam a22001817a 4500 | ||
|---|---|---|---|
| 005 | 20240109104630.0 | ||
| 008 | 190528b xxu||||| |||| 00| 0 eng d | ||
| 020 | _a978-93-88194-34-1 | ||
| 041 | _aeng | ||
| 082 | _a615.19 | ||
| 100 |
_aPARASHAR, DR. BHARAT GUPTA ANSHU AND SHUKLA TRIPTI _98300 |
||
| 245 | _aPHARMACEUTICAL ENGINEERING | ||
| 250 | _a1st, Ed., 2018 | ||
| 260 |
_aPUNE _bNIRALI PRAKASHAN |
||
| 300 | _aI.2 p. | ||
| 650 |
_aPHARMACY _xB.PHARMA |
||
| 942 | _cBK | ||
| 999 |
_c5873 _d5871 |
||